000 005550000a22001930004500
003 LK-CoMWRAF
005 20230927111322.0
008 230817t ||||| |||| 00| 0 eng d
040 _aLK-CoMWRAF
_dLK-CoMWRAF
_eLK-CoMWRAF
041 _aeng
082 _a297.5
_bKHA
100 _aKhan, Mohammad Farooq
245 _aHudood,Hudood ordinances and women
260 _aIslamabad :
_bOrganization for research and education,
_c2004
300 _a54p
490 _aIssues in Muslim society - I
650 _aIslam--Hudood--ordinances--women
942 _cBK
999 _c1166
_d1166